Państwa składowe Monarchii Austro-Węgierskiej - Statystyki

Ogólne statystyki
  • Ten quiz został rozwiązany 76 razy
  • Średni wynik to 9 z 18
Statystyki odpowiedzi
Podpowiedź Odpowiedź % Poprawnych
Przedlitawia Arcyksięstwo Austrii przed Anizą
95%
Przedlitawia Arcyksięstwo Austrii za Anizą
95%
Zalitawia Królestwo Węgier
95%
Przedlitawia Królestwo Czech
84%
Zalitawia Trójjedyne Królestwo Chorwacji, Slawonii i Dalmacji
75%
Przedlitawia Królestwo Galicji i Lodomerii
71%
Kondominium Bośnia i Hercegowina
70%
Przedlitawia Książęce Hrabstwo Tyrolu
43%
Przedlitawia Księstwo Bukowiny
34%
Przedlitawia Księstwo Górnego i Dolnego Śląska
34%
Przedlitawia Księstwo Krainy
34%
Przedlitawia Księstwo Styrii
30%
Przedlitawia Margrabstwo Moraw
29%
Przedlitawia Księstwo Salzburga
25%
Przedlitawia Księstwo Karyntii
23%
Przedlitawia Królestwo Dalmacji
20%
Przedlitawia Kraj Vorarlberg
9%
Przedlitawia Pobrzeże Austriackie
5%
Nie znaleziono quizów pasujących do podanych kryteriów
Rozkład punktacji
Procent ludzi z każdym wynikiem
Percentyl według liczby udzielonych odpowiedzi
Twoja historia wyników
Nie rozwiązałeś tego quizu